Logic học

保存先:
書誌詳細
第一著者: Tô, Duy Hợp
その他の著者: Nguyễn, Anh Tuấn
フォーマット: 図書
言語:Vietnamese
出版事項: Tp. HCM Tp. HCM 2004
主題:
タグ: タグ追加
タグなし, このレコードへの初めてのタグを付けませんか!
Thư viện lưu trữ: Trung tâm Học liệu Lê Vũ Hùng, Trường Đại học Đồng Tháp
LEADER 00749pam a22002898a 4500
001 00029724
005 20171026081025.0
008 121113s2004 ||||||viesd
020 |c 34000 
041 0 # |a vie 
082 1 4 |a 160  |b L450G 
100 1 # |a Tô, Duy Hợp 
245 1 0 |a Logic học  |c Tô Duy Hợp, Nguyễn Anh Tuấn 
260 # # |a Tp. HCM  |b Tp. HCM  |c 2004 
300 # # |a 308tr.  |c 20 cm. 
653 # # |a Lôgic học 
653 # # |a Đại cương 
700 1 # |a Nguyễn, Anh Tuấn 
852 # # |b Kho đọc  |j KD.0010171 
852 # # |j KD.0014154 
910 0 # |d 13/11/2012 
980 # # |a Trung tâm Học liệu Lê Vũ Hùng, Trường Đại học Đồng Tháp